000 00620nam a22002537a 4500
001 44629
003 UA-OsUOA
005 20210914142900.0
007 ta
008 20070305b un ||||| |||| 00| 0 ukr d
020 _a9667486397
040 _aUA-OsUOA
_bpol
_cUA-OsUOA
_dUA-OsUOA
041 _apol
080 _a82-82.162.1
090 _a82-82.162.1
100 _aBakula B
245 _aOd mlodej polski do postmodernizmu
260 _aК.
_bKSU
_c2005
300 _a176 с.
505 _gТ.3
650 7 _a82 Література. Літературознавство
_2UDC
942 _cBK
_2udc
955 _a2
999 _c330743
_d330743